000 00363nam a2200133Ia 4500
005 20251222153522.0
008 251222s9999||||xx |||||||||||||| ||spa||
082 _a869.560.04/F83
100 _aFreyre, Maynor
245 0 _aAltas Voces del Pensamiento y el Arte Peruanos:
250 _a1ra.ed.
264 _bUniversidad Nacional Federico Villareal
942 _cLIB
999 _c29780
_d29780